Haltestellen der S-Bahn Oberösterreich - Statistiken

Allgemein
  • Dieses Quiz wurde 120 mal gespielt
  • Das Durchschnittsergebnis liegt bei 29 aus 62
Antworten auf der Karte
Die Antworten werden auf der Karte rot bzw. grün angezeigt, abhängig davon wie oft sie richtig erraten wurden.
 
Antwortstatistiken
Bahnen Station % Korrekt
S1, S2 S3, S4, S5 Linz Hauptbahnhof
98%
S1 Steyr
90%
S2 Wels Hauptbahnhof
89%
S2, S5 Leonding
77%
S2 Marchtrenk
76%
S2 Pasching
75%
S4 Traun
74%
S1 Enns
72%
S2 Hörsching
72%
S5 Eferding
71%
S4 Kirchdorf an der Krems
71%
S1 Garsten
64%
S1 St. Valentin
63%
S4 Ansfelden
62%
S1 Linz Ebelsberg
62%
S4 Rohr-Bad Hall
62%
S1 Asten-Fisching
61%
S4 Linz Oed
59%
S1 Linz Pichling
57%
S2 Oftering
56%
S4 Kremsmünster
55%
S3 Pregarten
55%
S4 Neuhofen an der Krems
53%
S1 Ennsdorf
52%
S4 St. Martin bei Traun
51%
S4 Kematen-Piberbach
49%
S4 Linz Wegscheid
48%
S3 Steyregg
47%
S4 Nettingsdorf
46%
S5 Alkoven
45%
S3 Gaisbach-Wartberg
45%
S5 Linz Untergaumberg
45%
S4 Nöstlbach-St. Marien
44%
S4 Schlierbach/Krems
43%
S3 St. Georgen/Gusen
43%
S3 St. Georgen Haltestelle
43%
S4 Wartberg an der Krems
43%
S3 Linz Franckstraße
41%
S1 Ernsthofen
39%
S1 Steyr-Münichholz
36%
S1 Ramingdorf-Haidershofen
34%
S3 Katsdorf
33%
S4 Nußbach
32%
S1 Dorf an der Enns
31%
S1 Herzograd
30%
S5 Straß-Emling
30%
S5 Alkoven Schule
28%
S5 Dörnbach-Hitzing
25%
S5 Kirchberg-Thürnau
25%
S3 Pulgarn
24%
S5 Straßham-Schönering
24%
S5 Bergham
23%
S5 Fraham
23%
S5 Straßham Wehrgasse
23%
S5 Thurnharting
23%
S5 Bergham Am Dürrweg
22%
S5 Eferding Gewerbegebiet
22%
S3 Lungitz
22%
S5 Rufling
22%
S5 Leonding Straßfeld
21%
S3 Wartberg Schloss Haus
21%
S5 Unterhillinglah
20%
Keine übereinstimmenden Quizze gefunden
Verteilung der Resultate
Anzahl Personen mit jedem Resultat
Perzentil nach korrekt beantworteten Fragen
Ihre Resultats-Entwicklung
Sie haben dieses Quiz noch nicht gespielt